| 000 | 00660nam a2200181 a 4500 | ||
|---|---|---|---|
| 001 | 000043309 | ||
| 005 | 20201002040816.0 | ||
| 008 | 140305s2013 sp 000 0 spa d | ||
| 020 | _a9789945007145 | ||
| 040 |
_aDO-SdBNP _bspa _cBNPHU |
||
| 100 | 1 |
_aCastillo Levison, Amada _970949 |
|
| 245 | 1 | 0 |
_aBalance de la reforma del estado dominicano (1996-2012) / _cAmada Castillo Levison ; prólogo Juan Bolivar Diáz. |
| 260 |
_aSanto Domingo : _bBúho, _c2013. |
||
| 300 |
_a211 p. ; _c24 cm. |
||
| 500 | _aIncluye datos biográficos de la autora en la solapa de la cubierta | ||
| 504 | _aBibliografía : p. 189-195 | ||
| 700 | 1 |
_aDiáz, Juan Bolivar _epról. _938361 |
|
| 999 |
_c42798 _d42798 |
||